| 000 | 00473nam a2200181Ia 4500 | ||
|---|---|---|---|
| 008 | 230711s9999||||xx |||||||||||||| ||und|| | ||
| 020 | _a978-81-8371-702-1 | ||
| 041 | _aENG | ||
| 082 |
_a621.3916 _bLA-M |
||
| 100 | _aLatha,C | ||
| 245 | 0 | _aMicroprocessors and Microcontrollers | |
| 250 | _a1st Ed. | ||
| 260 |
_c2017 _aHyderabad _bScitech Publications (India)Pvt.Ltd |
||
| 300 | _a471p. | ||
| 650 | _aElectronics Engineering | ||
| 700 | _aMurugeshwari,B | ||
| 942 | _cBK | ||
| 999 |
_c6621 _d6621 |
||